000 00520nam a2200193Ia 4500
005 20221103112559.0
008 131103s9999 xx 000 0 und d
040 _aLoreto College
041 _aEnglish
082 _a954.02
_bRAY
100 _aRay,Bhabani Charan
245 _aOrissa under Marathas
_cBhabani Charan Ray
260 _aAllahabad
_bKitab Mahal
_c1960
300 _aii,183 p.
504 _aIncludes index and bibliographical references
650 _aMedieval History
850 _aLCLIB
942 _cBK
999 _c9486
_d59965